000 01290nam a2200229Ia 4500
001 L251-27831
003 IT-CnALBA
008 170116s9999||||xx |||||||||||||| ||und||
040 _aIT-CnALBA
_cIT-CnALBA
041 _aITALIANO
100 _aCANTALAMESSA P. RANIERO, OFM CAPP.
245 0 _aLA PAROLA E LA VITA. RIFLESSIONI SULLA PAROLA DI DIO DELLE DOMENICHE E DELLE FESTE DELL'ANNO. ANNO A.
250 _a4a ed.
260 _a ROMA
_bCITTÀ NUOVA EDITRICE
_c1983 [1° Ed.:1977 - Ed.Ling.Originale: 1977]
300 _a351 p.
500 _aTEMPO DI AVVENTO E DI NATALE: INCONTRO AL SIGNORE. I PRECURSORI. NATALE. S. FAMIGLIA. EPIFANIA. BATTESIMO DI GESÙ. TEMPO DI QUARESIMA E PASQUA. IL TABOR: LA TRASFIGURAZIONE. SETTIMANA SANTA. PASQUA. IL BUON PASTORE. ASCENSIONE. PENTECOSTE. TEMPO ORDINARIO
501 _aSocietà San Paolo EM - Piazza San Paolo, 14 - 12051 ALBA (CN) (non commercial uses only) ® Copyright 2017
520 _aTEMPO DI AVVENTO E DI NATALE: INCONTRO AL SIGNORE. I PRECURSORI. NATALE. S. FAMIGLIA. EPIFANIA. BATTESIMO DI GESÙ. TEMPO DI QUARESIMA E PASQUA. IL TABOR: LA TRASFIGURAZIONE. SETTIMANA SANTA. PASQUA. IL BUON PASTORE. ASCENSIONE. PENTECOSTE. TEMPO ORDINARIO
650 _aPREDICAZIONE - ORATORIA SACRA
942 _cBK
957 _71
999 _a32620
_bNO
_g Copie: 1
_c286844
_d286844